Europäische Normung in der Schweisstechnik : EuroNorm 92. Vorträge der gleichnamigen Gemeinschaftstagung in Duisburg am 28.und 29.April 1992

Salvato in:
Dettagli Bibliografici
Natura: Libro
Lingua:tedesco
Pubblicazione: Düsseldorf : DVS, 1992
Soggetti:
Tags: Aggiungi Tag
Nessun Tag, puoi essere il primo ad aggiungerne!!

MARC

LEADER 00000nam a22000003a 4500
001 stu44577
005 20150408180416.0
008 950505s1992----gw------------------ger-d
020 |a 3-87155-450-2 
040 |a STU  |b slo 
041 0 |a ger 
044 |a gw 
080 |a 621.791 
245 |a Europäische Normung in der Schweisstechnik :  |b EuroNorm 92. Vorträge der gleichnamigen Gemeinschaftstagung in Duisburg am 28.und 29.April 1992 
260 |a Düsseldorf :  |b DVS,  |c 1992 
300 |a 143 s 
650 7 |a zváranie  |2 stusub 
650 7 |a normovanie európske  |2 stusub 
996 |b 284M025728  |c M*9125-1  |l MMKN  |s A  |a 24  |w stu44577_0001